| 000 | 00000nam 2200000zi 4500 |
| 001 | 9.938598 |
| 003 | CaOODSP |
| 005 | 20240719105412 |
| 006 | m o d f |
| 007 | cr cn||||||||| |
| 008 | 240523e202406 oncdb ob f000 0 eng d |
| 020 | |a9780660720715 |
| 040 | |aCaOODSP|beng|erda|cCaOODSP |
| 043 | |an-cn-bc |
| 086 | 1 |aFs70-6/2024-039E-PDF |
| 245 | 00|aMigration speed, run timing and migration route for interior Fraser steelhead trout (Oncorhynchus mykiss). |
| 264 | 1|aOttawa : |bCanadian Science Advisory Secretariat, |cJune 2024. |
| 264 | 4|c©2024 |
| 300 | |a1 online resource (11 pages) : |bcharts, maps. |
| 336 | |atext|btxt|2rdacontent |
| 337 | |acomputer|bc|2rdamedia |
| 338 | |aonline resource|bcr|2rdacarrier |
| 490 | 1 |aScience advisory report, |x1919-5087 ; |v2024/039 |
| 500 | |aCaption title. |
| 500 | |aIssued also in French under title: Vitesse de migration, période de montaison et itinéraire de migration de la truite arc-en-ciel anadrome (Oncorhynchus mykiss) du Fraser intérieur. |
| 504 | |aIncludes bibliographical references (pages 10-11). |
| 650 | 0|aSteelhead (Fish)|xMigration|zBritish Columbia|zFraser River. |
| 710 | 2 |aCanadian Science Advisory Secretariat, |eissuing body. |
| 710 | 1 |aCanada. |bDepartment of Fisheries and Oceans. |bPacific Region, |eissuing body. |
| 775 | 08|tVitesse de migration, période de montaison et itinéraire de migration de la truite arc-en-ciel anadrome (Oncorhynchus mykiss) du Fraser intérieur. |w(CaOODSP)9.938599 |
| 830 | #0|aScience advisory report (Canadian Science Advisory Secretariat)|x1919-5087 ; |v2024/039.|w(CaOODSP)9.506226 |
| 856 | 40|qPDF|s890 KB|uhttps://publications.gc.ca/collections/collection_2024/mpo-dfo/fs70-6/Fs70-6-2024-039-eng.pdf |